| 000 | 00363nam a2200133Ia 4500 | ||
|---|---|---|---|
| 008 | 220217s9999||||xx |||||||||||||| ||und|| | ||
| 020 | _a9789386309778 | ||
| 082 | _a620 GKP | ||
| 100 | _aGK publications | ||
| 245 | 0 | _aGATE 2018 Mechanical engineering | |
| 260 |
_aGK publications _bNew Delhi _c2018 |
||
| 300 |
_aXXIV, 1215p. _b995 |
||
| 650 | _aMECHANICHAL | ||
| 999 |
_c187901 _d187901 |
||